00507pab a2200157 454500008004000000100002400040245015600064260000900220300001400229362000800243650002700251650001800278650001000296700001700306773002600323180718b2003 xxu||||| |||| 00| 0 eng d aNaidu, V. Nagarajan aFinancial sector reform and banking sector performance in India: a study on technical efficiency of commercial banks between pre and post reform period c2003 ap.230-36. aAug aPublic finance - India aBanks - India aBanks aNair, Manjus aAsian Economic Review